Estudio del hombre
Na minha lista:
| Autor principal: | |
|---|---|
| Formato: | Livro |
| Idioma: | espanhol |
| Publicado em: |
Ciudad de México
Fondo de Cultura Económica
1956
|
| Edição: | 3a. ed |
| Colecção: | Obras de Sociología
|
| Assuntos: | |
| Tags: |
Adicionar Tag
Sem tags, seja o primeiro a adicionar uma tag!
|
MARC
| LEADER | 00000cam a2200000 a 4500 | ||
|---|---|---|---|
| 001 | UCR8074 | ||
| 003 | CL-VaPUC | ||
| 008 | 980519e19560000MX |||||||||||||||||spa|d | ||
| 082 | 0 | 4 | |a 301.2 |b LIN |2 21 |
| 100 | |a Linton, Ralph |e autor |9 535733 | ||
| 245 | 1 | 0 | |a Estudio del hombre |
| 250 | |a 3a. ed | ||
| 300 | |a 486 p | ||
| 942 | |c BK | ||
| 945 | |d 19980519 00:00:00 |a crobeson | ||
| 260 | |a Ciudad de México |b Fondo de Cultura Económica |c 1956 | ||
| 650 | 0 | |a Antropología cultural y social |9 265143 | |
| 583 | |a last modification |c 20150713 12:46:43 |k Rodrigo Vera | ||
| 490 | 0 | |a Obras de Sociología | |
| 999 | |c 269639 |d 269637 | ||
| 952 | |0 0 |1 0 |4 0 |6 301_200000000000000_LIN_1956 |7 0 |8 P |9 303441 |a BIBENE |b BIBENE |d 2019-11-20 |i 1402994 |o 301.2 LIN 1956 |p 1402994 |r 2025-01-15 |w 2019-11-20 |y BK |k ICO | ||
| 952 | |0 0 |1 0 |4 0 |6 301_200000000000000_LIN_1956 |7 0 |8 P |9 303442 |a BIBENE |b BIBENE |d 2019-11-20 |i 1403001 |o 301.2 LIN 1956 |p 1403001 |r 2025-01-15 |w 2019-11-20 |y BK |k ICO | ||
| 952 | |0 0 |1 0 |4 0 |6 301_200000000000000_LIN_1956 |7 0 |8 A |9 303443 |a BIBHIS |b BIBHIS |d 2019-11-20 |i 1361139 |o 301.2 LIN 1956 |p 1361139 |r 2025-01-20 |w 2019-11-20 |y BK |k HIS | ||
| 952 | |0 0 |1 0 |4 0 |6 301_200000000000000_LIN_1956 |7 0 |8 A |9 303444 |a BIBHIS |b BIBHIS |d 2019-11-20 |i 1361147 |o 301.2 LIN 1956 |p 1361147 |r 2025-01-20 |w 2019-11-20 |y BK |k HIS | ||
| 952 | |0 0 |1 0 |4 0 |6 301_200000000000000_LIN_1956 |7 0 |8 A |9 303445 |a BIBHIS |b BIBHIS |d 2019-11-20 |i 1361155 |o 301.2 LIN 1956 |p 1361155 |r 2025-01-20 |w 2019-11-20 |y BK |k HIS | ||
| 952 | |0 0 |1 0 |4 0 |6 301_200000000000000_LIN_1956 |7 0 |8 A |9 303446 |a BIBEDU |b BIBEDU |d 2019-11-20 |i 2704692 |o 301.2 LIN 1956 |p 2704692 |r 2023-01-12 |w 2019-11-20 |y BK |k MUS | ||
| 952 | |0 0 |1 0 |4 0 |6 301_200000000000000_LIN_1956 |7 0 |8 A |9 303447 |a BIBTEO |b BIBTEO |d 2019-11-20 |i 3835499 |l 1 |o 301.2 LIN 1956 |p 3835499 |r 2025-01-17 |s 2024-08-09 |w 2019-11-20 |y BK |k ICR | ||
| 952 | |0 0 |1 0 |3 erb |4 0 |6 301_200000000000000_LIN_1956 |7 0 |8 A |9 303448 |a BIBTEO |b BIBTEO |e Villagrán Garnham, Jorge |i 5185653 |o 301.2 LIN 1956 |p 5185653 |r 2025-01-17 |w 2019-11-20 |y BK |z Catalogado en:20150728 |k ICR | ||